Etudes religieuses, historiques et littéraires / (Record no. 840)
[ view plain ]
| 000 -LEADER | |
|---|---|
| campo de control de longitud fija | 01010nas a22002411i#4500 |
| 001 - NÚMERO DE CONTROL | |
| campo de control | 840 |
| 003 - IDENTIFICADOR DE NÚMERO DE CONTROL | |
| campo de control | ES-MaACL |
| 005 - FECHA Y HORA DE LA ÚLTIMA TRANSACCIÓN | |
| campo de control | 20250724062537.0 |
| 007 - CAMPO FIJO DE DESCRIPCIÓN FÍSICA--INFORMACIÓN GENERAL | |
| campo de control de longitud fija | t| |
| 008 - DATOS DE LONGITUD FIJA--INFORMACIÓN GENERAL | |
| campo de control de longitud fija | 950801d18621896fr | | 1 ||re d |
| 080 ## - NÚMERO DE LA CLASIFICACIÓN DECIMAL UNIVERSAL | |
| Número de la Clasificación Decimal Universal | 44 |
| 245 00 - MENCIÓN DEL TÍTULO | |
| Título | Etudes religieuses, historiques et littéraires / |
| Mención de responsabilidad, etc. | par des Pères de la Compagnie de Jésus. |
| 260 ## - PUBLICACIÓN, DISTRIBUCIÓN, ETC. | |
| Lugar de publicación, distribución, etc. | Paris : |
| Nombre del editor, distribuidor, etc. | Charles Douniol, |
| Fecha de publicación, distribución, etc. | 1862-1896. |
| 300 ## - DESCRIPCIÓN FÍSICA | |
| Extensión | 32 v. ; |
| Dimensiones | 24 cm. |
| 310 ## - PERIODICIDAD ACTUAL | |
| Periodicidad actual | Mensual |
| 362 0# - FECHAS DE PUBLICACIÓN Y/O DESIGNACIÓN SECUENCIAL | |
| Fecha de publicación y/o designación secuencial | N.s. t. 1, n° 1 (1862, janv./févr.)-t. 13, n° 6 (1867, déc.) ; 4e s. t. 1, n° 1 (1868, janv.)-t. 6, n° 6 (1870, déc.) ; 5e s. t. 1, n° 1 (1872, janv.)-t. 12, n° 6 (1877, déc.) ; 6e s. t. 1, n° 1 (1878, janv.)-t. 5, n° 6 (1880, juin) ; t. 43, n° 1 (1888, janv.)-t. 69, n° 4 (1896, 15 déc.) |
| 500 ## - NOTA GENERAL | |
| Nota general | No se publicó en 1871. |
| 650 #7 - PUNTO DE ACCESO ADICIONAL DE MATERIA--TÉRMINO DE MATERIA | |
| Término de materia o nombre geográfico como elemento de entrada | Cultura |
| Fuente del encabezamiento o término | embne |
| 9 (RLIN) | 170963 |
| 780 00 - ENLACE A UN TÍTULO/ENTRADA ANTERIOR | |
| Título | Etudes de théologie, de philosophie et d'histoire |
| 852 ## - LOCALIZACIÓN | |
| Ubicación | ES-MaACL |
| Número de control de estantería | G-2731-62 |
| 866 #0 - MENCIÓN TEXTUAL DE FONDOS--UNIDAD BIBLIOGRÁFICA BÁSICA | |
| Fondos | 1864(1865f.t.VI)1866-70.1872-80. |
| Estatus retirado | Estado de pérdida | Estado de daño | No para préstamo | Colección | Biblioteca de origen | Biblioteca actual | Ubicación en estantería | Fecha de adquisición | Fuente de adquisición | Total de préstamos | Signatura topográfica completa | Código de barras | Visto por última vez | Precio de reemplazo | Tipo de ítem Koha |
|---|---|---|---|---|---|---|---|---|---|---|---|---|---|---|---|
| Periódicos y Revistas | Biblioteca del Ateneo de Madrid | Biblioteca del Ateneo de Madrid | Depósito 2 | 17/01/2008 | G-2731-62 | 1000855 | 23/02/2023 | 23/02/2023 | Revista |
